|
|
|
|
| LEADER |
00000cam a2200000 4500 |
| 001 |
vtls011763775 |
| 003 |
SK-MaSNL |
| 005 |
20260301142439.0 |
| 008 |
200316s2016 xo odalg n 000 0 slo |
| 015 |
|
|
|a SNBA2018/08
|
| 020 |
|
|
|a 9788055330198
|q (viazané)
|
| 035 |
|
|
|a urn:nbn:sk:snk-am00dhtn
|
| 035 |
|
|
|a urn:nbn:sk:snk-am3i2r7
|
| 035 |
|
|
|a 837E158D-1DE1-471B-A6EB-3D6A3797D1B6
|
| 040 |
|
|
|a SNK
|b slo
|c SNK
|e rda
|
| 041 |
0 |
|
|a slo
|
| 044 |
|
|
|a xo
|c SK
|
| 072 |
|
7 |
|a 502
|x Životné prostredie a jeho ochrana
|2 konspekt
|
| 072 |
|
7 |
|a 621
|x Strojárstvo
|2 konspekt
|
| 080 |
|
|
|a 621:338.45
|2 2011
|
| 080 |
|
|
|a 502/504
|2 2011
|
| 080 |
|
|
|a 621
|2 2011
|
| 080 |
|
|
|a 621.7/.9
|2 2011
|
| 080 |
|
|
|a 504.1
|2 2011
|
| 080 |
|
|
|a 502.13
|2 2011
|
| 080 |
|
|
|a 502.174
|2 2011
|
| 080 |
|
|
|a 502.17
|2 2011
|
| 080 |
|
|
|a (048.8:082)
|2 2011
|
| 100 |
1 |
|
|a Badida, Miroslav,
|d 1957-
|4 aut
|9 220921
|
| 245 |
1 |
0 |
|a Strojárska výroba a životné prostredie I.
|c Miroslav Badida, Lýdia Sobotová, Tibor Dzuro
|
| 250 |
|
|
|a Vydanie: prvé
|
| 264 |
|
1 |
|a Košice
|b Technická univerzita v Košiciach, Strojnícka fakulta
|c 2016
|
| 300 |
|
|
|a 271 strán
|b farebné fotografie, grafy, ilustrácie (prevažne farebné), schémy, tabuľky
|c 25 cm
|
| 336 |
|
|
|a text
|b txt
|2 rdacontent
|
| 336 |
|
|
|a statický obraz
|b sti
|2 rdacontent
|
| 337 |
|
|
|a bez média
|b n
|2 rdamedia
|
| 338 |
|
|
|a zväzok
|b nc
|2 rdacarrier
|
| 366 |
|
|
|e 100 kusov
|
| 504 |
|
|
|a Bibliografia na strane 257-270 ; prehľad skratiek
|
| 650 |
0 |
7 |
|a strojárska výroba
|2 SNKPH
|9 66917
|
| 650 |
0 |
7 |
|a životné prostredie
|2 SNKPH
|9 786
|
| 650 |
0 |
7 |
|a strojárstvo
|2 SNKPH
|9 674
|
| 650 |
0 |
7 |
|a strojárska technológia
|2 SNKPH
|9 65980
|
| 650 |
0 |
7 |
|a ekologické záťaže
|2 SNKPH
|9 74778
|
| 650 |
0 |
7 |
|a environmentálny manažment
|2 SNKPH
|9 3638
|
| 650 |
0 |
7 |
|a environmentálne vhodné technológie
|2 SNKPH
|9 82527
|
| 650 |
0 |
7 |
|a ochrana životného prostredia
|2 SNKPH
|9 3352
|
| 650 |
0 |
7 |
|a Environment
|2 SNKPHeng
|9 267078
|
| 650 |
0 |
7 |
|a Engineering production
|2 SNKPHeng
|9 280200
|
| 650 |
0 |
7 |
|a Mechanical engineering
|2 SNKPHeng
|9 275771
|
| 650 |
0 |
7 |
|a Environmental stresses
|2 SNKPHeng
|9 326791
|
| 650 |
0 |
7 |
|a Environmental management
|2 SNKPHeng
|9 306245
|
| 650 |
0 |
7 |
|a Green technology
|2 SNKPHeng
|9 302635
|
| 650 |
0 |
7 |
|a Environmental protection
|2 SNKPHeng
|9 265610
|
| 655 |
|
7 |
|a kolektívne monografie
|2 SNKPH
|9 249850
|
| 655 |
|
7 |
|a Collective monographs
|2 SNKPHeng
|9 125747
|
| 700 |
1 |
|
|a Sobotová, Lýdia,
|d 1961-
|4 aut
|9 220094
|
| 700 |
1 |
|
|a Dzuro, Tibor,
|d 1986-
|4 aut
|9 204777
|
| 919 |
|
|
|a 978-80-553-3019-8
|
| 958 |
|
|
|a NB
|
| 999 |
|
|
|c 770263
|d 772193
|
| 952 |
|
|
|a SNK
|b SNK
|y PREZ
|7 0
|p 17A1334104
|o snkSC 180371
|i snk2018/15393
|8 0
|0 0
|1 0
|4 0
|d 2018-07-19
|f 1
|l 0
|r 2026-02-24 00:32:42
|w 2026-02-24
|
| 952 |
|
|
|a SNK
|b SNK
|y VYP
|7 0
|p 17A1334105
|o snkSC 180371 D1
|i snk2018/15394
|8 0
|0 0
|1 0
|4 0
|d 2018-07-19
|l 0
|r 2026-02-24 00:32:43
|w 2026-02-24
|